000 00242nam a2200109Ia 4500
008 240625s9999 xx 000 0 und d
041 _aeng
082 _a658.15 KAP
100 _aKAPIL SHEEBA
245 _aFINANCIAL MANAGEMENT
260 _c2011
999 _c38166
_d38166